书目信息 |
| 题名: |
玩透美国东岸重要城市
|
|
| 作者: | 柯筱蓉 著 | |
| 分册: | ||
| 出版信息: | 北京 电子工业出版社 2014 |
|
| 页数: | 349页 | |
| 开本: | 21cm | |
| 丛书名: | 达人旅行手册 | |
| 单 册: | ||
| 中图分类: | K971.2 | |
| 科图分类: | ||
| 主题词: | 旅游指南--Lvyouzhinan--美国 | |
| 电子资源: | ||
| ISBN: | 978-7-121-23397-5 | |
| 000 | 01055nam0 2200265 450 | |
| 001 | 792 | |
| 005 | 20160908145804.21 | |
| 010 | @a978-7-121-23397-5@dCNY54.80 | |
| 100 | @a20130525d2014 em y0chiy0110 ea | |
| 101 | 0 | @achi |
| 102 | @aCN@b110000 | |
| 105 | @aa z 000yy | |
| 200 | 1 | @a玩透美国东岸重要城市@9Wantoumeiguodonganzhongyaochengshi@f柯筱蓉著 |
| 210 | @a北京@c电子工业出版社@d2014 | |
| 215 | @a349页@c彩图@d21cm | |
| 225 | 2 | @a达人旅行手册@9Darenlvxingshouce |
| 300 | @a原著书名:美国东岸重要城市:纽约·华盛顿D. C. ·波士顿·奥兰多·迈阿密费城 | |
| 330 | @a本书简明扼要地阐述了美国东岸重要城市:纽约·华盛顿D. C. ·波士顿·奥兰多·迈阿密费城的地理环境、政治经济、历史变革、文化艺术,以大量富有艺术感染力的彩色照片,生动形象地展示了美国东岸最具特色的名胜古迹、风土人情和自然风光。 | |
| 461 | 0 | @12001 @a达人旅行手册 |
| 510 | 1 | @aUSA east coast cities@zeng |
| 606 | 0 | @a旅游指南@9Lvyouzhinan@y美国 |
| 690 | @aK971.2@v5 | |
| 701 | 0 | @a柯筱蓉@9Kexiaorong@4著 |
| 801 | 0 | @aCN@b唐山师范学院图书馆@c20160723 |
| 905 | @aZUCC@dK971.2@e364 | |
| 玩透美国东岸重要城市/柯筱蓉著.-北京:电子工业出版社,2014 |
| 349页:彩图;21cm.-(达人旅行手册) |
| 原著书名:美国东岸重要城市:纽约·华盛顿D. C. ·波士顿·奥兰多·迈阿密费城 |
| ISBN 978-7-121-23397-5:CNY54.80 |
| 本书简明扼要地阐述了美国东岸重要城市:纽约·华盛顿D. C. ·波士顿·奥兰多·迈阿密费城的地理环境、政治经济、历史变革、文化艺术,以大量富有艺术感染力的彩色照片,生动形象地展示了美国东岸最具特色的名胜古迹、风土人情和自然风光。 |
| ● |
| 相关链接 |
|
|
|
|
正题名:玩透美国东岸重要城市
索取号:K971.2/364
 
预约/预借
| 序号 | 登录号 | 条形码 | 馆藏地/架位号 | 状态 | 备注 |
| 1 | 903475 | 209034757 | 第二样本阅览室/ [索取号:K971.2/364] | 在馆 | |
| 2 | 903476 | 209034766 | 第二借阅区/ [索取号:K971.2/364] | 在馆 | |
| 3 | 903477 | 209034775 | 第二借阅区/ [索取号:K971.2/364] | 在馆 | |
| 4 | 903478 | 209034784 | 第二借阅区/ [索取号:K971.2/364] | 在馆 | |
| 5 | 903479 | 209034793 | 第二借阅区/ [索取号:K971.2/364] | 在馆 |